| 000 | 00537nam a2200145Ia 4500 | ||
|---|---|---|---|
| 008 | 231217s9999 xx 000 0 und d | ||
| 041 | _aEnglish | ||
| 082 | _a001.6424 KEI2;1 R | ||
| 100 | _aKeil Software. | ||
| 245 | 0 | _a8051 utilities : BL51 code banking linker/locator LIB51 library manager OC51 banked object file converter user guide 04.95 | |
| 260 |
_c1995 _bKeil Software _aTexas |
||
| 300 | _aviii+164 | ||
| 650 | _a8051,utilities,BL51,code,linker/locator,LIB51,manager,OC51,banked,object,converter,user,04.95 | ||
| 942 | _cAA | ||
| 999 |
_c183527 _d183527 |
||